[Event "GER-chT U20 Girls"]
[Site "Magdeburg"]
[Date "2010.12.28"]
[Round "4.1"]
[White "Baisakow, Christine"]
[Black "Bluebaum, Johanna"]
[Result "0-1"]
[WhiteElo "1383"]
[BlackElo "1983"]
[PlyCount "81"]
[EventDate "2010.12.27"]
[EventType "team-swiss"]
[EventRounds "7"]
[EventCountry "GER"]
[SourceTitle "CBM 140 Extra"]
[Source "ChessBase"]
[SourceDate "2011.03.01"]
[SourceVersion "1"]
[SourceVersionDate "2011.03.01"]
[SourceQuality "1"]
[WhiteTeam "Nordhorn Blanke"]
[BlackTeam "Wesel"]
[WhiteTeamCountry "GER"]
[BlackTeamCountry "GER"]

1. e4 e6 2. d4 d5 3. Nd2 Nf6 4. e5 Nfd7 5. Bd3 c5 6. c3 Nc6 7. Ne2 f6 8. exf6 Nxf6 9. Nf3 cxd4 10. cxd4 Qc7 11. Bf4 Bb4+ 12. Nd2 Qb6 13. a3 Be7 14. Nb3 0-0 15. 0-0 a5 16. a4 Nb4 17. Bb1 Bd7 18. Ng3 Rac8 19. Nh5 Nxh5 20. Qxh5 Nc2 21. Rc1 Qxb3 22. Bd2 Qxb2 23. Ra2 Qxd4 24. Be3 Qh4 25. Qxh4 Bxh4 26. Raxc2 Rxc2 27. Bxc2 e5 28. Bb3 Bc6 29. Bc5 Rd8 30. Bb6 Rd7 31. Bxa5 Kf8 32. Bb4+ Be7 33. Bc3 d4 34. Bd2 Ba3 35. Re1 e4 36. Ra1 Bc5 37. Rc1 Ba7 38. a5 e3 39. fxe3 dxe3 40. Rf1+ Ke8 41. Re1 0-1

[Event "GER-chT U20 Girls"]
[Site "Magdeburg"]
[Date "2010.12.28"]
[Round "3.1"]
[White "Wilke, Tabea"]
[Black "Baisakow, Christine"]
[Result "0-1"]
[WhiteElo "994"]
[BlackElo "1383"]
[PlyCount "93"]
[EventDate "2010.12.27"]
[EventType "team-swiss"]
[EventRounds "7"]
[EventCountry "GER"]
[SourceTitle "CBM 140 Extra"]
[Source "ChessBase"]
[SourceDate "2011.03.01"]
[SourceVersion "1"]
[SourceVersionDate "2011.03.01"]
[SourceQuality "1"]
[WhiteTeam "Hattersheim"]
[BlackTeam "Nordhorn Blanke"]
[WhiteTeamCountry "GER"]
[BlackTeamCountry "GER"]

1. e4 c5 2. Nf3 d6 3. d4 cxd4 4. Nxd4 Nf6 5. Nc3 a6 6. Be2 Nbd7 7. Bf3 e5 8. Nf5 Nc5 9. Ng3 b5 10. Be3 Bb7 11. Qd2 b4 12. Nd5 Nxd5 13. exd5 Rb8 14. Bxc5 dxc5 15. 0-0 Bd6 16. Rad1 0-0 17. c3 Qa5 18. Nh5 h6 19. Be4 f5 20. Bb1 bxc3 21. bxc3 e4 22. f3 Be5 23. c4 Qxd2 24. Rxd2 Bd4+ 25. Kh1 exf3 26. Rxf3 Bxd5 27. Rb3 Bxc4 28. Rxb8 Rxb8 29. Bxf5 Rf8 30. Ng3 h5 31. h4 Be5 32. Rf2 g6 33. Be6+ Bxe6 34. Ne4 Rxf2 35. Nxf2 Bxa2 36. Nd3 Bd4 37. Nc1 Bc4 38. g3 a5 39. Kg2 a4 40. Kf3 a3 41. Ke4 a2 42. Nxa2 Bxa2 43. Kd3 Be5 44. g4 hxg4 45. Ke3 c4 46. h5 gxh5 47. Kd2 0-1

[Event "GER-chT U20 Girls "]
[Site "Chemnitz"]
[Date "2009.12.30"]
[Round "7.3"]
[White "Micklich, Rahel"]
[Black "Baisakow, Christine"]
[Result "1/2-1/2"]
[WhiteElo "1778"]
[BlackElo "1476"]
[PlyCount "89"]
[EventDate "2009.12.27"]
[EventType "team-swiss"]
[EventRounds "7"]
[EventCountry "GER"]
[SourceTitle "EXT 2022"]
[Source "ChessBase"]
[SourceDate "2021.10.06"]
[SourceVersion "1"]
[SourceVersionDate "2021.10.06"]
[SourceQuality "1"]
[WhiteTeam "Porz SG U20 Girls"]
[BlackTeam "Nordhorn Blanke U20 Girls"]
[WhiteTeamCountry "GER"]
[BlackTeamCountry "GER"]

1. d4 d5 2. c4 c6 3. Nf3 a6 4. e3 b5 5. cxd5 cxd5 6. Nc3 Nf6 7. Qb3 e6 8. Bd3 Bd6 9. Bd2 Bb7 10. 0-0 Nc6 11. Rfc1 0-0 12. Qd1 Qb6 13. Ng5 h6 14. Nf3 Rfc8 15. Qb3 Na5 16. Qd1 Rc7 17. Ne2 Rac8 18. Bxa5 Qxa5 19. a3 Qb6 20. Rxc7 Rxc7 21. Rc1 Ba8 22. Rxc7 Qxc7 23. Qc2 Qxc2 24. Bxc2 Nd7 25. a4 b4 26. Bd3 Bb7 27. Nc1 Nb6 28. b3 Nd7 29. Na2 a5 30. Bb5 Nb8 31. Nc1 Ba6 32. Nd3 Bxb5 33. axb5 Nd7 34. Nfe5 Bxe5 35. Nxe5 Nb6 36. Nc6 a4 37. Nxb4 axb3 38. Nd3 Kf8 39. Kf1 Ke8 40. Ke1 Nc4 41. Kd1 Kd8 42. Nc5 b2 43. Kc2 Na3+ 44. Kxb2 Nxb5 45. Nd3 1/2-1/2

[Event "GER-chT U16"]
[Site "Bingen"]
[Date "2008.12.29"]
[Round "5.4"]
[White "Jentzsch, Jakob"]
[Black "Baisakow, Christine"]
[Result "1-0"]
[WhiteElo "1528"]
[BlackElo "1406"]
[PlyCount "95"]
[EventDate "2008.12.27"]
[EventType "team-swiss"]
[EventRounds "7"]
[EventCountry "GER"]
[SourceTitle "EXT 2010"]
[Source "ChessBase"]
[SourceDate "2010.11.25"]
[SourceVersion "1"]
[SourceVersionDate "2010.11.25"]
[SourceQuality "1"]
[WhiteTeam "Chemnitz USG U16"]
[BlackTeam "Nordhorn Blanke U16"]
[WhiteTeamCountry "GER"]
[BlackTeamCountry "GER"]

1. e4 c5 2. Nf3 d6 3. d4 cxd4 4. Nxd4 Nf6 5. Nc3 a6 6. Be2 b5 7. 0-0 e5 8. Nb3 Nbd7 9. a4 b4 10. Nd5 Nxd5 11. Qxd5 Nb6 12. Qd1 Bd7 13. a5 Nc8 14. Be3 Bc6 15. Bf3 Be7 16. Nc1 Na7 17. Na2 Qxa5 18. Qd2 Bb5 19. Nxb4 Qc7 20. Nxa6 Qb7 21. Be2 Bxe2 22. Qxe2 0-0 23. Bxa7 Rxa7 24. b4 d5 25. exd5 Bxb4 26. Nxb4 Rxa1 27. Rxa1 Qxb4 28. Qxe5 Rd8 29. c3 Qb2 30. Re1 h6 31. d6 Qd2 32. g3 Rxd6 33. Qe3 Qxe3 34. Rxe3 Rd1+ 35. Kg2 Rc1 36. Re8+ Kh7 37. Rc8 Kg6 38. h4 Kf6 39. f4 g5 40. Rc6+ Kf5 41. fxg5 hxg5 42. h5 Rc2+ 43. Kf3 g4+ 44. Ke3 Rg2 45. Rc5+ Ke6 46. Kf4 f5 47. Re5+ Kd6 48. Rxf5 1-0

[Event "Niedersachsen-chT U16"]
[Site "Verden an der Aller"]
[Date "2008.05.03"]
[Round "4.4"]
[White "Schlachta, Viktor"]
[Black "Baisakow, Christine"]
[Result "0-1"]
[WhiteElo "866"]
[BlackElo "1342"]
[PlyCount "88"]
[EventDate "2008.05.01"]
[EventType "team"]
[EventRounds "7"]
[EventCountry "GER"]
[SourceTitle "EXT 2009"]
[Source "ChessBase"]
[SourceDate "2008.11.26"]
[SourceVersion "1"]
[SourceVersionDate "2008.11.26"]
[SourceQuality "1"]

1. d4 d5 2. c4 e6 3. Nc3 c6 4. Nf3 f5 5. g3 Nf6 6. Bg5 Be7 7. Bg2 Ne4 8. Bxe7 Qxe7 9. Qc2 0-0 10. 0-0 g5 11. Nxe4 fxe4 12. Ne5 Qf6 13. b3 Nd7 14. Nxd7 Bxd7 15. f3 Qxd4+ 16. Kh1 exf3 17. exf3 Rf7 18. Rad1 Qg7 19. Qe2 Re8 20. Bh3 d4 21. c5 b6 22. b4 bxc5 23. bxc5 e5 24. Bxd7 Rxd7 25. Qe4 Rd5 26. Rf2 Rxc5 27. Rxd4 exd4 28. Qxe8+ Qf8 29. Qe6+ Qf7 30. Re2 Qxe6 31. Rxe6 d3 32. Re1 d2 33. Rd1 Rc1 34. Rxc1 dxc1Q+ 35. Kg2 Qd2+ 36. Kh3 c5 37. f4 gxf4 38. gxf4 Qxf4 39. Kg2 c4 40. a4 c3 41. a5 c2 42. a6 c1R 43. Kh3 Rc3+ 44. Kg2 Qd2+ 0-1

[Event "Niedersachsen-ch U16"]
[Site "Rotenburg"]
[Date "2008.03.20"]
[Round "8"]
[White "Baisakow, Christine"]
[Black "Dorn, Carina"]
[Result "1/2-1/2"]
[WhiteElo "1302"]
[BlackElo "1749"]
[PlyCount "36"]
[EventDate "2008.03.15"]
[EventType "swiss"]
[EventRounds "9"]
[EventCountry "GER"]
[SourceTitle "EXT 2009"]
[Source "ChessBase"]
[SourceDate "2008.11.26"]
[SourceVersion "1"]
[SourceVersionDate "2008.11.26"]
[SourceQuality "1"]

1. e4 g6 2. d4 Bg7 3. Nc3 d6 4. Be3 a6 5. Qd2 b5 6. h3 Nd7 7. g4 Bb7 8. Bg2 c5 9. f4 e6 10. f5 gxf5 11. gxf5 exf5 12. exf5 Bxg2 13. Qxg2 Bxd4 14. Qe4+ Be5 15. Nf3 Ngf6 16. Qc6 Bg3+ 17. Kd2 Rc8 18. Qxa6 b4 1/2-1/2

[Event "Niedersachsen-ch U16"]
[Site "Rotenburg"]
[Date "2008.03.16"]
[Round "3"]
[White "Baisakow, Christine"]
[Black "Althoff, Simon"]
[Result "0-1"]
[WhiteElo "1302"]
[BlackElo "1442"]
[PlyCount "106"]
[EventDate "2008.03.15"]
[EventType "swiss"]
[EventRounds "9"]
[EventCountry "GER"]
[SourceTitle "EXT 2009"]
[Source "ChessBase"]
[SourceDate "2008.11.26"]
[SourceVersion "1"]
[SourceVersionDate "2008.11.26"]
[SourceQuality "1"]

1. e4 e5 2. d4 exd4 3. Qxd4 Nc6 4. Qe3 g6 5. Nc3 Nge7 6. Bd2 Bg7 7. f4 Nb4 8. 0-0-0 Bxc3 9. Bxc3 Nxa2+ 10. Kb1 Nxc3+ 11. Qxc3 Rg8 12. Bc4 Nc6 13. Nf3 h6 14. h4 Qe7 15. f5 Qb4 16. Qxb4 Nxb4 17. Ne5 Rg7 18. Nxf7 d5 19. exd5 Bxf5 20. Nxh6 Bxc2+ 21. Kc1 Bxd1 22. Rxd1 0-0-0 23. Ng4 c6 24. d6 Rh7 25. Ne5 Nd5 26. Bxd5 cxd5 27. Rxd5 Rxh4 28. Nf7 Rd7 29. Rc5+ Kb8 30. Rd5 Rxf7 31. d7 Rxd7 32. Rxd7 Rh1+ 33. Kc2 Rh2 34. Rd2 Kc7 35. Kc3 Kc6 36. Re2 Kd6 37. Kc4 Rh4+ 38. Kc3 a5 39. Rd2+ Kc5 40. Re2 Kd5 41. Rd2+ Ke5 42. Re2+ Re4 43. Rd2 b6 44. Rf2 g5 45. Kd3 Rf4 46. Re2+ Kf5 47. Rc2 Kg4 48. Ke3 Kg3 49. Rd2 g4 50. Rc2 b5 51. b3 Rb4 52. Rc3 Kxg2 53. Rc2+ Kh3 0-1

[Event "GER-chT U14 Girls"]
[Site "Stuttgart"]
[Date "2007.12.29"]
[Round "6.2"]
[White "Baisakow, Christine"]
[Black "Jermann, Isabel"]
[Result "1-0"]
[WhiteElo "1298"]
[BlackElo "977"]
[PlyCount "35"]
[EventDate "2007.12.27"]
[EventType "team-swiss"]
[EventRounds "7"]
[EventCountry "GER"]
[SourceTitle "EXT 2009"]
[Source "ChessBase"]
[SourceDate "2008.11.26"]
[SourceVersion "1"]
[SourceVersionDate "2008.11.26"]
[SourceQuality "1"]
[WhiteTeam "Nordhorn Blanke U14 Girls"]
[BlackTeam "Vaterstetten SC U14 Girls"]
[WhiteTeamCountry "GER"]
[BlackTeamCountry "GER"]

1. e4 c6 2. Nf3 d5 3. exd5 cxd5 4. Ne5 Bf5 5. d4 f6 6. Bb5+ Bd7 7. Bxd7+ Nxd7 8. Qh5+ g6 9. Nxg6 Qa5+ 10. Bd2 Qb5 11. Nxh8+ Kd8 12. Nf7+ Kc8 13. Nc3 Qxb2 14. 0-0 Qb6 15. Nxd5 Qe6 16. Rfe1 Qc6 17. Nd6+ Qxd6 18. Qe8# 1-0

[Event "GER-chT U14 Girls"]
[Site "Stuttgart"]
[Date "2007.12.29"]
[Round "5.2"]
[White "Nguyen Minh, Thuy"]
[Black "Baisakow, Christine"]
[Result "1-0"]
[WhiteElo "1733"]
[BlackElo "1298"]
[PlyCount "105"]
[EventDate "2007.12.27"]
[EventType "team-swiss"]
[EventRounds "7"]
[EventCountry "GER"]
[SourceTitle "EXT 2009"]
[Source "ChessBase"]
[SourceDate "2008.11.26"]
[SourceVersion "1"]
[SourceVersionDate "2008.11.26"]
[SourceQuality "1"]
[WhiteTeam "Chemnitz USG U14 Girls"]
[BlackTeam "Nordhorn Blanke U14 Girls"]
[WhiteTeamCountry "GER"]
[BlackTeamCountry "GER"]

1. e4 c5 2. Nf3 d6 3. d4 cxd4 4. Nxd4 Nf6 5. Nc3 a6 6. Be2 e5 7. Nb3 Be6 8. Be3 Nbd7 9. 0-0 Be7 10. f3 b5 11. a3 Nb6 12. Re1 0-0 13. Kh1 Nc4 14. Bxc4 Bxc4 15. Qd2 Nd7 16. Qf2 Bg5 17. Bxg5 Qxg5 18. Na5 Rfc8 19. Rad1 Qe7 20. Qd2 Nf6 21. Qxd6 Qxd6 22. Rxd6 Be6 23. Red1 h6 24. Nc6 Kf8 25. Nxe5 Ne8 26. R6d2 Rc5 27. Nd7+ Bxd7 28. Rxd7 Nf6 29. R7d3 Rb8 30. Rd8+ Rxd8 31. Rxd8+ Ke7 32. Rd2 Ke6 33. Ne2 Rc4 34. c3 Ke7 35. Nf4 a5 36. Nd5+ Nxd5 37. Rxd5 b4 38. axb4 axb4 39. Rd4 Rc6 40. Rxb4 Rd6 41. Rd4 Ra6 42. Kg1 Ra2 43. Rd2 Ke6 44. Kf2 f5 45. exf5+ Kxf5 46. Ke3 Ke5 47. f4+ Kf5 48. c4 Ke6 49. c5 Ra5 50. Rc2 Kd7 51. b4 Rb5 52. Rc4 Kc6 53. Rd4 1-0

[Event "Niedersachsen-ch U12/14 Girls"]
[Site "Rotenburg/Wuemme"]
[Date "2007.04.01"]
[Round "2"]
[White "Kolbach, Juliane"]
[Black "Baisakow, Christine"]
[Result "0-1"]
[WhiteElo "928"]
[BlackElo "1307"]
[PlyCount "80"]
[EventDate "2007.03.31"]
[EventType "swiss"]
[EventRounds "9"]
[EventCountry "GER"]
[SourceTitle "EXT 2008"]
[Source "ChessBase"]
[SourceDate "2007.11.25"]
[SourceVersion "1"]
[SourceVersionDate "2007.11.25"]
[SourceQuality "1"]

1. e4 c5 2. Nf3 Nc6 3. d4 cxd4 4. Nxd4 g6 5. b3 Bg7 6. Bb2 Qb6 7. c3 Nf6 8. Nd2 0-0 9. g3 d5 10. Bg2 dxe4 11. Nxe4 Rd8 12. 0-0 e5 13. Nxf6+ Bxf6 14. Qf3 Nxd4 15. cxd4 exd4 16. Rad1 h5 17. Rfe1 Bg4 18. Qxb7 Qxb7 19. Bxb7 Rab8 20. f3 Rxb7 21. fxg4 hxg4 22. Rf1 Bg7 23. Rd2 d3 24. Ba3 Bh6 25. Rdd1 Rc7 26. Bb2 Rc2 27. Bf6 Rd7 28. a4 d2 29. Be5 Be3+ 30. Kh1 g5 31. b4 Rd8 32. Bf6 Rdc8 33. Rb1 Rc1 34. Rd1 Rxd1+ 35. Rxd1 Rc1 36. Rxc1 dxc1Q+ 37. Kg2 Qd2+ 38. Kh1 Qe1+ 39. Kg2 Qf2+ 40. Kh1 Qf1# 0-1

[Event "GER-chT U14 Girls"]
[Site "Burg Stargard"]
[Date "2006.12.30"]
[Round "7.2"]
[White "Baisakow, Christine"]
[Black "Tunc, Berfin"]
[Result "1-0"]
[WhiteElo "1270"]
[BlackElo "1242"]
[PlyCount "65"]
[EventDate "2006.12.27"]
[EventType "team-swiss"]
[EventRounds "7"]
[EventCountry "GER"]
[SourceTitle "EXT 2008"]
[Source "ChessBase"]
[SourceDate "2007.11.25"]
[SourceVersion "1"]
[SourceVersionDate "2007.11.25"]
[SourceQuality "1"]
[WhiteTeam "Nordhorn Blanke U14 Girls"]
[BlackTeam "Porz SG U14 Girls"]
[WhiteTeamCountry "GER"]
[BlackTeamCountry "GER"]

1. e4 e5 2. d4 exd4 3. Qxd4 Nc6 4. Qe3 g6 5. Nc3 Bg7 6. Bd2 Nf6 7. f4 d6 8. h3 Qe7 9. g4 h5 10. g5 Nh7 11. Nd5 Qd8 12. 0-0-0 Bd7 13. f5 Be5 14. Bd3 gxf5 15. exf5 Nd4 16. f6 Bc6 17. Be4 Bxd5 18. Bxd5 c6 19. Bf3 Nf8 20. Bc3 Nfe6 21. Bxd4 Bf4 22. Qxf4 Nxf4 23. Be5 d5 24. Bxf4 Qa5 25. a3 0-0-0 26. Bd2 Qb6 27. Ne2 Qa6 28. Nd4 Rde8 29. Nf5 Rd8 30. Rhe1 Kb8 31. Re7 Rdf8 32. Nd6 Rh7 33. g6 1-0

[Event "GER-chT U14 Girls"]
[Site "Burg Stargard"]
[Date "2006.12.28"]
[Round "3.2"]
[White "Baisakow, Christine"]
[Black "Knoechel, Sarah"]
[Result "1-0"]
[WhiteElo "1270"]
[BlackElo "1417"]
[PlyCount "39"]
[EventDate "2006.12.27"]
[EventType "team-swiss"]
[EventRounds "7"]
[EventCountry "GER"]
[SourceTitle "EXT 2008"]
[Source "ChessBase"]
[SourceDate "2007.11.25"]
[SourceVersion "1"]
[SourceVersionDate "2007.11.25"]
[SourceQuality "1"]
[WhiteTeam "Nordhorn Blanke U14 Girls"]
[BlackTeam "Leipzig Lindenau U14 Girls"]
[WhiteTeamCountry "GER"]
[BlackTeamCountry "GER"]

1. e4 e5 2. d4 exd4 3. Qxd4 Nc6 4. Qe3 d6 5. Nc3 Be6 6. Bd2 Nf6 7. f4 Be7 8. h3 Nh5 9. 0-0-0 g6 10. g4 Ng7 11. f5 Bd7 12. Nd5 a6 13. Bc3 Ne5 14. Nf3 Bf6 15. g5 Bxg5 16. Nxg5 gxf5 17. exf5 Nxf5 18. Qf4 Ne7 19. Bxe5 Rf8 20. Nf6# 1-0

[Event "Niedersachsen-ch U14"]
[Site "Rotenburg/Wuemme"]
[Date "2006.04.14"]
[Round "9"]
[White "Baisakow, Christine"]
[Black "Bonacic, Jascha"]
[Result "0-1"]
[WhiteElo "1394"]
[BlackElo "1324"]
[PlyCount "38"]
[EventDate "2006.04.08"]
[EventType "swiss"]
[EventRounds "9"]
[EventCountry "GER"]
[SourceTitle "EXT 2007"]
[Source "ChessBase"]
[SourceDate "2006.11.23"]
[SourceVersion "1"]
[SourceVersionDate "2006.11.23"]
[SourceQuality "1"]

1. e4 Nc6 2. Nf3 e5 3. Bc4 Bc5 4. c3 Nf6 5. d3 0-0 6. b4 Be7 7. 0-0 d5 8. exd5 Nxd5 9. Qb3 Nf4 10. Rd1 Bg4 11. Nbd2 Kh8 12. Bxf7 Bf6 13. Bc4 Qd7 14. Ne4 Bxf3 15. gxf3 Qh3 16. Bxf4 exf4 17. Nxf6 Rxf6 18. d4 Rg6+ 19. Kh1 Qg2# 0-1

[Event "GER-chT U14 Girls"]
[Site "Dittrichshuette"]
[Date "2005.12.29"]
[Round "6.2"]
[White "Immer, Carina"]
[Black "Baisakow, Christine"]
[Result "0-1"]
[WhiteElo "958"]
[BlackElo "1141"]
[PlyCount "126"]
[EventDate "2005.12.27"]
[EventType "team-swiss"]
[EventRounds "6"]
[EventCountry "GER"]
[SourceTitle "CBM 110 Extra"]
[Source "ChessBase"]
[SourceDate "2006.03.10"]
[SourceVersion "2"]
[SourceVersionDate "2006.03.10"]
[SourceQuality "1"]
[WhiteTeam "Hoerden U14 Girls"]
[BlackTeam "Nordhorn Blanke U14 Girls"]
[WhiteTeamCountry "GER"]
[BlackTeamCountry "GER"]

1. e4 c5 2. Nf3 Nc6 3. d4 cxd4 4. Nxd4 g6 5. Nc3 Bg7 6. Be3 Nf6 7. f3 0-0 8. Qd2 d5 9. Nxc6 bxc6 10. 0-0-0 Bb7 11. Bh6 e5 12. Bxg7 Kxg7 13. a3 d4 14. Na2 Qb6 15. Qb4 Qxb4 16. Nxb4 a5 17. Nd3 Rfc8 18. Nxe5 c5 19. Nc4 Ba6 20. Nb6 Bxf1 21. Rhxf1 Ne8 22. Nxa8 Rxa8 23. g4 Nd6 24. b3 a4 25. Kb2 axb3 26. cxb3 Rb8 27. e5 Nc4+ 28. Ka2 Ne3 29. Rfe1 Nxd1 30. Rxd1 Re8 31. Re1 Rc8 32. e6 fxe6 33. Rxe6 Rd8 34. Kb2 d3 35. Kc1 Rb8 36. Rc6 Rxb3 37. Rxc5 Rxa3 38. Kd2 Kf6 39. f4 Ra4 40. g5+ Ke6 41. Kxd3 Rxf4 42. Ke3 Rf5 43. Rxf5 Kxf5 44. Kf3 Kxg5 45. Kg3 Kf5 46. Kf3 g5 47. Kg3 h5 48. Kf3 h4 49. h3 Kf6 50. Kg4 Kg6 51. Kf3 Kf5 52. Kg2 Ke4 53. Kf2 Kf4 54. Kg2 Ke3 55. Kh1 Kf3 56. Kh2 Kf2 57. Kh1 Kg3 58. Kg1 Kxh3 59. Kf2 g4 60. Kg1 Kg3 61. Kh1 Kf2 62. Kh2 g3+ 63. Kh1 g2+ 0-1

[Event "GER-chT U14 Girls"]
[Site "Dittrichshuette"]
[Date "2005.12.27"]
[Round "1.1"]
[White "Kabutke, Susann"]
[Black "Baisakow, Christine"]
[Result "1/2-1/2"]
[WhiteElo "1104"]
[BlackElo "1141"]
[PlyCount "40"]
[EventDate "2005.12.27"]
[EventType "team-swiss"]
[EventRounds "6"]
[EventCountry "GER"]
[SourceTitle "CBM 110 Extra"]
[Source "ChessBase"]
[SourceDate "2006.03.10"]
[SourceVersion "2"]
[SourceVersionDate "2006.03.10"]
[SourceQuality "1"]
[WhiteTeam "Leipzig Lindenau U14 Girls"]
[BlackTeam "Nordhorn Blanke U14 Girls"]
[WhiteTeamCountry "GER"]
[BlackTeamCountry "GER"]

1. e4 c5 2. Nf3 Nc6 3. d4 cxd4 4. Nxd4 g6 5. Nc3 Bg7 6. Nf3 e6 7. Bf4 Qa5 8. Bd2 Nge7 9. Nd5 Qd8 10. Nxe7 Qxe7 11. Rb1 0-0 12. Bd3 b6 13. 0-0 Bb7 14. Re1 Nd4 15. Nxd4 Bxd4 16. Be3 Be5 17. c3 d5 18. exd5 Bxd5 19. Bh6 Bg7 20. Bxg7 Kxg7 1/2-1/2

[Event "Niedersachsen-chT U12"]
[Site "Lingen"]
[Date "2005.05.06"]
[Round "4.1"]
[White "Bermann, Yvo"]
[Black "Baisakow, Christine"]
[Result "0-1"]
[WhiteElo "906"]
[BlackElo "1153"]
[PlyCount "124"]
[EventDate "2005.05.05"]
[EventType "team"]
[EventRounds "5"]
[EventCountry "GER"]
[SourceTitle "EXT 2007"]
[Source "ChessBase"]
[SourceDate "2006.11.23"]
[SourceVersion "1"]
[SourceVersionDate "2006.11.23"]
[SourceQuality "1"]

1. e4 c5 2. Nf3 Nc6 3. Bc4 g6 4. d3 Bg7 5. c3 Nf6 6. Be3 d6 7. h3 Bd7 8. Nbd2 0-0 9. d4 Rc8 10. Qe2 cxd4 11. Nxd4 Ne5 12. Bd3 d5 13. exd5 Nxd5 14. Be4 Bc6 15. Nxc6 Nxc6 16. Bxd5 Qxd5 17. 0-0 b6 18. a3 Na5 19. Rad1 Nb3 20. Nxb3 Qxb3 21. Qd2 e6 22. Rfe1 Rfe8 23. Rb1 Red8 24. Qc1 Rc6 25. Rd1 Rcd6 26. Rxd6 Rxd6 27. Bf4 Rd3 28. Bd2 Rd8 29. Qd1 Qxd1+ 30. Rxd1 Bh6 31. Kf1 Rxd2 32. Rxd2 Bxd2 33. Ke2 Bc1 34. b3 Bxa3 35. b4 Bb2 36. Kd2 a5 37. Kc2 Ba1 38. bxa5 bxa5 39. Kb3 Kg7 40. c4 Bd4 41. f3 f5 42. Ka4 Bb6 43. Kb5 Bd8 44. f4 Kf6 45. g3 e5 46. fxe5+ Kxe5 47. c5 Ke4 48. Kc6 a4 49. Kd7 Ba5 50. Ke6 a3 51. Kf6 a2 52. Kg7 a1Q+ 53. Kxh7 Qg1 54. g4 fxg4 55. hxg4 Qxg4 56. c6 Qh5+ 57. Kg7 Kf5 58. c7 Bxc7 59. Kg8 g5 60. Kg7 Be5+ 61. Kg8 Kf6 62. Kf8 Qf7# 0-1